[Event "World Cup 2023 Open"]
[Site "Baku, Azerbaijan"]
[Date "????.??.??"]
[Round "32.6"]
[White "Svane Rasmus (GER)"]
[Black "Wang Hao (CHN)"]
[Result "1/2-1/2"]
[WhiteFideId "4657101"]
[BlackFideId "8602883"]
[WhiteElo "2625"]
[BlackElo "2709"]

1. d4 {[%clk 00:25:19]} Nf6 {[%clk 00:25:17]} {[%emt 00:00:03]} 2. c4 {[%clk
00:25:27]} {[%emt 00:00:01]} e6 {[%clk 00:25:26]} {[%emt 00:00:02]} 3. Nf3
{[%clk 00:25:36]} d5 {[%clk 00:25:35]} {[%emt 00:00:02]} 4. g3 {[%clk
00:25:44]} dxc4 {[%clk 00:25:35]} {[%emt 00:00:11]} 5. Bg2 {[%clk 00:25:52]}
{[%emt 00:00:01]} Bb4+ {[%clk 00:25:43]} {[%emt 00:00:02]} 6. Bd2 {[%clk
00:25:57]} {[%emt 00:00:06]} a5 {[%clk 00:25:52]} {[%emt 00:00:01]} 7. Qc2
{[%clk 00:25:20]} {[%emt 00:00:47]} Bxd2+ {[%clk 00:25:58]} {[%emt 00:00:04]} 8.
Qxd2 {[%clk 00:25:16]} {[%emt 00:00:13]} c6 {[%clk 00:25:58]} {[%emt 00:00:10]}
9. a4 {[%clk 00:25:05]} {[%emt 00:00:21]} b5 {[%clk 00:26:06]} {[%emt
00:00:03]} 10. axb5 {[%clk 00:25:13]} {[%emt 00:00:02]} cxb5 {[%clk 00:26:14]}
{[%emt 00:00:02]} 11. Qg5 {[%clk 00:25:20]} {[%emt 00:00:02]} O-O {[%clk
00:26:22]} {[%emt 00:00:03]} 12. Qxb5 {[%clk 00:25:27]} {[%emt 00:00:03]} Ba6
{[%clk 00:26:31]} {[%emt 00:00:02]} 13. Qxa5 {[%clk 00:23:36]} {[%emt
00:02:00]} Bb7 {[%clk 00:26:36]} {[%emt 00:00:04]} 14. Qxd8 {[%clk 00:23:44]}
{[%emt 00:00:02]} Rxa1 {[%clk 00:26:44]} {[%emt 00:00:03]} 15. Qxf8+ {[%clk
00:23:44]} {[%emt 00:00:10]} Kxf8 {[%clk 00:26:52]} {[%emt 00:00:02]} 16. O-O
{[%clk 00:23:51]} {[%emt 00:00:03]} Ra2 {[%clk 00:26:34]} {[%emt 00:00:29]} 17.
Nc3 {[%clk 00:22:41]} {[%emt 00:01:20]} Rxb2 {[%clk 00:26:34]} {[%emt
00:00:10]} 18. Rc1 {[%clk 00:22:49]} {[%emt 00:00:01]} Nbd7 {[%clk 00:22:02]}
{[%emt 00:04:42]} 19. Kf1 {[%clk 00:20:16]} {[%emt 00:02:43]} Nb6 {[%clk
00:18:22]} {[%emt 00:03:50]} 20. Nd1 {[%clk 00:15:36]} {[%emt 00:04:49]} Rb4
{[%clk 00:18:15]} {[%emt 00:00:18]} 21. Nd2 {[%clk 00:13:16]} {[%emt 00:02:31]}
c3 {[%clk 00:17:25]} {[%emt 00:01:00]} 22. Nxc3 {[%clk 00:12:02]} {[%emt
00:01:23]} Bxg2+ {[%clk 00:17:18]} {[%emt 00:00:17]} 23. Kxg2 {[%clk 00:12:11]}
{[%emt 00:00:02]} Rxd4 {[%clk 00:17:26]} {[%emt 00:00:02]} 24. Nf3 {[%clk
00:12:12]} {[%emt 00:00:09]} 1/2-1/2

[Event "World Cup 2023 Open"]
[Site "Baku, Azerbaijan"]
[Date "????.??.??"]
[Round "32.7"]
[White "Wojtaszek Radoslaw (POL)"]
[Black "Dominguez Perez Leinier (USA)"]
[Result "1/2-1/2"]
[WhiteFideId "1118358"]
[BlackFideId "3503240"]
[WhiteElo "2676"]
[BlackElo "2739"]

1. c4 {[%clk 00:25:18]} {[%emt 00:00:01]} c5 {[%clk 00:25:18]} {[%emt
00:00:02]} 2. g3 {[%clk 00:25:26]} {[%emt 00:00:02]} g6 {[%clk 00:25:26]}
{[%emt 00:00:02]} 3. Bg2 {[%clk 00:25:34]} {[%emt 00:00:02]} Bg7 {[%clk
00:25:35]} {[%emt 00:00:02]} 4. Nc3 {[%clk 00:25:42]} {[%emt 00:00:02]} Nc6
{[%clk 00:25:42]} {[%emt 00:00:02]} 5. Nf3 {[%clk 00:25:49]} {[%emt 00:00:03]}
e6 {[%clk 00:25:39]} {[%emt 00:00:13]} 6. d4 {[%clk 00:25:54]} {[%emt
00:00:05]} cxd4 {[%clk 00:25:39]} {[%emt 00:00:10]} 7. Nb5 {[%clk 00:25:57]}
{[%emt 00:00:07]} d5 {[%clk 00:25:47]} {[%emt 00:00:02]} 8. cxd5 {[%clk
00:25:40]} {[%emt 00:00:27]} Qa5+ {[%clk 00:25:53]} {[%emt 00:00:04]} 9. Nd2
{[%clk 00:25:39]} {[%emt 00:00:11]} exd5 {[%clk 00:26:01]} {[%emt 00:00:02]} 10.
Nd6+ {[%clk 00:25:38]} {[%emt 00:00:10]} Kf8 {[%clk 00:26:09]} {[%emt
00:00:02]} 11. O-O {[%clk 00:24:36]} {[%emt 00:01:12]} Be6 {[%clk 00:26:15]}
{[%emt 00:00:04]} 12. Nf3 {[%clk 00:21:12]} {[%emt 00:03:35]} Qb4 {[%clk
00:22:47]} {[%emt 00:03:38]} 13. Bf4 {[%clk 00:21:04]} {[%emt 00:00:18]} h6
{[%clk 00:21:55]} {[%emt 00:01:02]} 14. Qb3 {[%clk 00:18:42]} {[%emt 00:02:33]}
Qxb3 {[%clk 00:20:28]} {[%emt 00:01:36]} 15. axb3 {[%clk 00:18:51]} {[%emt
00:00:01]} g5 {[%clk 00:20:28]} {[%emt 00:00:11]} 16. Bd2 {[%clk 00:18:49]}
{[%emt 00:00:10]} Rb8 {[%clk 00:20:29]} {[%emt 00:00:10]} 17. b4 {[%clk
00:15:14]} {[%emt 00:03:45]} a6 {[%clk 00:20:33]} {[%emt 00:00:06]} 18. b5
{[%clk 00:15:15]} {[%emt 00:00:10]} axb5 {[%clk 00:20:41]} {[%emt 00:00:02]} 19.
Nxb5 {[%clk 00:14:46]} {[%emt 00:00:38]} Nge7 {[%clk 00:20:34]} {[%emt
00:00:17]} 20. Ra4 {[%clk 00:14:34]} {[%emt 00:00:23]} Bd7 {[%clk 00:19:50]}
{[%emt 00:00:53]} 21. Ra3 {[%clk 00:13:49]} {[%emt 00:00:56]} Bf6 {[%clk
00:18:38]} {[%emt 00:01:22]} 22. Rd1 {[%clk 00:12:55]} {[%emt 00:01:03]} Kg7
{[%clk 00:16:21]} {[%emt 00:02:27]} 23. Be1 {[%clk 00:13:00]} {[%emt 00:00:05]}
d3 {[%clk 00:15:00]} {[%emt 00:01:31]} 24. Raxd3 {[%clk 00:11:03]} {[%emt
00:02:07]} Bxb2 {[%clk 00:15:03]} {[%emt 00:00:07]} 25. e4 {[%clk 00:05:22]}
{[%emt 00:05:49]} dxe4 {[%clk 00:12:20]} {[%emt 00:02:54]} 26. Rxd7 {[%clk
00:05:30]} {[%emt 00:00:02]} exf3 {[%clk 00:12:27]} {[%emt 00:00:02]} 27. Bxf3
{[%clk 00:04:03]} {[%emt 00:01:38]} Ne5 {[%clk 00:11:33]} {[%emt 00:01:04]} 28.
Rxe7 {[%clk 00:04:11]} {[%emt 00:00:02]} Nxf3+ {[%clk 00:11:41]} {[%emt
00:00:02]} 29. Kg2 {[%clk 00:04:19]} {[%emt 00:00:01]} Nxe1+ {[%clk 00:11:05]}
{[%emt 00:00:46]} 30. Rdxe1 {[%clk 00:04:25]} {[%emt 00:00:04]} Rhd8 {[%clk
00:08:54]} {[%emt 00:02:21]} 31. R1e3 {[%clk 00:02:54]} {[%emt 00:01:41]} Bf6
{[%clk 00:07:18]} {[%emt 00:01:46]} 32. Rc7 {[%clk 00:03:02]} {[%emt 00:00:02]}
Rd5 {[%clk 00:06:04]} {[%emt 00:01:23]} 33. Nc3 {[%clk 00:02:28]} {[%emt
00:00:45]} Bxc3 {[%clk 00:04:29]} {[%emt 00:01:45]} 34. Rexc3 {[%clk 00:02:35]}
{[%emt 00:00:02]} Rf5 {[%clk 00:04:38]} 35. Rb3 {[%clk 00:02:19]} {[%emt
00:00:27]} b5 {[%clk 00:04:46]} {[%emt 00:00:02]} 36. Rb4 {[%clk 00:01:39]}
{[%emt 00:00:50]} Rd8 {[%clk 00:03:22]} {[%emt 00:01:33]} 37. g4 {[%clk
00:01:43]} {[%emt 00:00:06]} Re5 {[%clk 00:03:05]} {[%emt 00:00:27]} 38. Rb7
{[%clk 00:01:47]} {[%emt 00:00:06]} Rdd5 {[%clk 00:03:09]} {[%emt 00:00:07]} 39.
Rb3 {[%clk 00:01:20]} {[%emt 00:00:37]} Kf8 {[%clk 00:01:49]} {[%emt 00:01:29]}
40. Rb8+ {[%clk 00:01:22]} {[%emt 00:00:09]} Kg7 {[%clk 00:01:39]} {[%emt
00:00:19]} 41. Rb7 {[%clk 00:01:30]} {[%emt 00:00:02]} Rd4 {[%clk 00:01:25]}
{[%emt 00:00:23]} 42. h3 {[%clk 00:01:36]} {[%emt 00:00:05]} Rf4 {[%clk
00:01:24]} {[%emt 00:00:11]} 43. R7xb5 {[%clk 00:01:38]} {[%emt 00:00:08]} Re2
{[%clk 00:01:31]} {[%emt 00:00:02]} 44. Rf3 {[%clk 00:01:46]} {[%emt 00:00:02]}
Rxf3 {[%clk 00:01:39]} {[%emt 00:00:02]} 1/2-1/2

[Event "World Cup 2023 Open"]
[Site "Baku, Azerbaijan"]
[Date "????.??.??"]
[Round "32.8"]
[White "Salem A.R. Saleh (UAE)"]
[Black "Vocaturo Daniele (ITA)"]
[Result "1-0"]
[WhiteFideId "9301348"]
[BlackFideId "813192"]
[WhiteElo "2661"]
[BlackElo "2609"]

1. d4 {[%clk 00:25:17]} {[%emt 00:00:01]} Nf6 {[%clk 00:25:18]} {[%emt
00:00:02]} 2. c4 {[%clk 00:25:26]} {[%emt 00:00:02]} e6 {[%clk 00:25:27]}
{[%emt 00:00:01]} 3. Nc3 {[%clk 00:25:32]} {[%emt 00:00:04]} d5 {[%clk
00:25:32]} {[%emt 00:00:05]} 4. cxd5 {[%clk 00:25:38]} {[%emt 00:00:04]} exd5
{[%clk 00:25:40]} {[%emt 00:00:01]} 5. Bg5 {[%clk 00:25:46]} {[%emt 00:00:02]}
Bb4 {[%clk 00:25:31]} {[%emt 00:00:19]} 6. e3 {[%clk 00:25:18]} {[%emt
00:00:39]} h6 {[%clk 00:25:34]} {[%emt 00:00:06]} 7. Bh4 {[%clk 00:24:14]}
{[%emt 00:01:15]} g5 {[%clk 00:25:00]} {[%emt 00:00:43]} 8. Bg3 {[%clk
00:24:22]} {[%emt 00:00:02]} Ne4 {[%clk 00:25:09]} {[%emt 00:00:02]} 9. a3
{[%clk 00:24:29]} {[%emt 00:00:04]} Bxc3+ {[%clk 00:24:38]} {[%emt 00:00:41]}
10. bxc3 {[%clk 00:24:37]} {[%emt 00:00:02]} Nc6 {[%clk 00:24:30]} {[%emt
00:00:17]} 11. Bd3 {[%clk 00:24:23]} {[%emt 00:00:25]} Bf5 {[%clk 00:24:25]}
{[%emt 00:00:16]} 12. Ne2 {[%clk 00:24:20]} {[%emt 00:00:12]} Qe7 {[%clk
00:24:00]} {[%emt 00:00:34]} 13. f3 {[%clk 00:23:25]} {[%emt 00:01:06]} Nxg3
{[%clk 00:23:35]} {[%emt 00:00:35]} 14. hxg3 {[%clk 00:23:32]} {[%emt
00:00:03]} Bxd3 {[%clk 00:21:53]} {[%emt 00:01:53]} 15. Qxd3 {[%clk 00:23:39]}
{[%emt 00:00:02]} O-O-O {[%clk 00:21:33]} {[%emt 00:00:29]} 16. g4 {[%clk
00:23:47]} {[%emt 00:00:03]} Na5 {[%clk 00:20:51]} {[%emt 00:00:52]} 17. Kf2
{[%clk 00:23:39]} {[%emt 00:00:18]} Nc4 {[%clk 00:20:44]} {[%emt 00:00:17]} 18.
Ng3 {[%clk 00:23:46]} {[%emt 00:00:04]} Qe6 {[%clk 00:20:42]} {[%emt 00:00:12]}
19. Nf5 {[%clk 00:22:48]} {[%emt 00:03:16]} Kb8 {[%clk 00:20:36]} {[%emt
00:00:16]} 20. a4 {[%clk 00:21:16]} {[%emt 00:01:43]} a5 {[%clk 00:19:45]}
{[%emt 00:01:00]} 21. Rab1 {[%clk 00:20:30]} {[%emt 00:00:57]} b6 {[%clk
00:19:39]} {[%emt 00:00:16]} 22. e4 {[%clk 00:17:56]} {[%emt 00:02:44]} dxe4
{[%clk 00:16:57]} {[%emt 00:02:52]} 23. fxe4 {[%clk 00:17:41]} {[%emt
00:00:25]} Rhe8 {[%clk 00:17:00]} {[%emt 00:00:07]} 24. Rbe1 {[%clk 00:14:55]}
{[%emt 00:02:56]} Qc6 {[%clk 00:16:28]} {[%emt 00:00:42]} 25. Qc2 {[%clk
00:13:26]} {[%emt 00:01:39]} Nd6 {[%clk 00:15:20]} {[%emt 00:01:19]} 26. Ng3
{[%clk 00:11:03]} {[%emt 00:02:30]} Qd7 {[%clk 00:14:37]} {[%emt 00:00:53]} 27.
e5 {[%clk 00:09:41]} {[%emt 00:01:33]} Qxg4 {[%clk 00:13:39]} {[%emt 00:01:08]}
28. Qd1 {[%clk 00:07:04]} {[%emt 00:02:47]} Qxd1 {[%clk 00:13:45]} {[%emt
00:00:04]} 29. Rxd1 {[%clk 00:07:13]} {[%emt 00:00:02]} Nc4 {[%clk 00:13:52]}
{[%emt 00:00:02]} 30. Nf5 {[%clk 00:04:45]} {[%emt 00:02:38]} Re6 {[%clk
00:10:48]} {[%emt 00:03:14]} 31. Rb1 {[%clk 00:02:45]} {[%emt 00:02:10]} Nd2
{[%clk 00:10:25]} {[%emt 00:00:32]} 32. Rbe1 {[%clk 00:02:35]} {[%emt
00:00:20]} Rc6 {[%clk 00:10:30]} {[%emt 00:00:06]} 33. Re2 {[%clk 00:02:30]}
{[%emt 00:00:16]} Nb3 {[%clk 00:09:37]} {[%emt 00:01:02]} 34. Re3 {[%clk
00:02:38]} {[%emt 00:00:01]} b5 {[%clk 00:09:30]} {[%emt 00:00:18]} 35. axb5
{[%clk 00:02:43]} {[%emt 00:00:06]} Rc4 {[%clk 00:09:37]} {[%emt 00:00:02]} 36.
Ke2 {[%clk 00:02:10]} {[%emt 00:00:43]} Ra4 {[%clk 00:09:29]} {[%emt 00:00:18]}
37. Kd3 {[%clk 00:01:44]} {[%emt 00:00:37]} Ra2 {[%clk 00:08:52]} {[%emt
00:00:47]} 38. Kc4 {[%clk 00:01:45]} {[%emt 00:00:09]} a4 {[%clk 00:08:53]}
{[%emt 00:00:08]} 39. Rxh6 {[%clk 00:01:32]} {[%emt 00:00:23]} Rb2 {[%clk
00:08:59]} {[%emt 00:00:04]} 40. Ra6 {[%clk 00:01:33]} {[%emt 00:00:09]} Kb7
{[%clk 00:08:03]} {[%emt 00:01:06]} 41. Rxa4 {[%clk 00:01:41]} {[%emt
00:00:02]} Nd2+ {[%clk 00:07:35]} {[%emt 00:00:38]} 42. Kd3 {[%clk 00:01:49]}
{[%emt 00:00:01]} Nb1 {[%clk 00:07:40]} {[%emt 00:00:05]} 43. Re1 {[%clk
00:01:20]} {[%emt 00:00:39]} c5 {[%clk 00:06:03]} {[%emt 00:01:47]} 44. bxc6+
{[%clk 00:01:27]} {[%emt 00:00:04]} Kxc6 {[%clk 00:06:11]} {[%emt 00:00:01]} 45.
Rb4 {[%clk 00:01:02]} {[%emt 00:00:35]} Rd2+ {[%clk 00:06:18]} {[%emt
00:00:02]} 46. Ke4 {[%emt 00:00:17]} 1-0

[Event "World Cup 2023 Open"]
[Site "Baku, Azerbaijan"]
[Date "????.??.??"]
[Round "32.9"]
[White "Duda Jan-Krzysztof (POL)"]
[Black "Maghsoodloo Parham (IRI)"]
[Result "1-0"]
[WhiteFideId "1170546"]
[BlackFideId "12539929"]
[WhiteElo "2732"]
[BlackElo "2719"]

1. e4 {[%clk 00:24:59]} {[%emt 00:00:21]} e5 {[%clk 00:25:18]} {[%emt
00:00:02]} 2. Nf3 {[%clk 00:25:07]} {[%emt 00:00:01]} Nc6 {[%clk 00:25:27]}
{[%emt 00:00:02]} 3. Bb5 {[%clk 00:25:16]} {[%emt 00:00:02]} a6 {[%clk
00:25:35]} {[%emt 00:00:02]} 4. Ba4 {[%clk 00:25:24]} Nf6 {[%clk 00:25:43]}
{[%emt 00:00:02]} 5. O-O {[%clk 00:25:31]} {[%emt 00:00:02]} Be7 {[%clk
00:25:52]} {[%emt 00:00:02]} 6. Re1 {[%clk 00:25:39]} {[%emt 00:00:02]} b5
{[%clk 00:26:00]} {[%emt 00:00:02]} 7. Bb3 {[%clk 00:25:48]} {[%emt 00:00:01]}
d6 {[%clk 00:26:09]} {[%emt 00:00:02]} 8. c3 {[%clk 00:25:56]} {[%emt
00:00:02]} O-O {[%clk 00:26:16]} {[%emt 00:00:03]} 9. h3 {[%clk 00:26:04]}
{[%emt 00:00:02]} Bb7 {[%clk 00:26:25]} {[%emt 00:00:02]} 10. d4 {[%clk
00:26:12]} {[%emt 00:00:02]} Re8 {[%clk 00:26:34]} {[%emt 00:00:02]} 11. a3
{[%clk 00:26:14]} {[%emt 00:00:08]} Bf8 {[%clk 00:26:39]} {[%emt 00:00:04]} 12.
d5 {[%clk 00:26:17]} {[%emt 00:00:06]} Na5 {[%clk 00:26:27]} {[%emt 00:00:22]}
13. Ba2 {[%clk 00:26:25]} {[%emt 00:00:02]} c6 {[%clk 00:26:29]} {[%emt
00:00:08]} 14. dxc6 {[%clk 00:26:30]} {[%emt 00:00:06]} Bxc6 {[%clk 00:26:37]}
{[%emt 00:00:02]} 15. Bg5 {[%clk 00:26:36]} {[%emt 00:00:03]} h6 {[%clk
00:25:23]} {[%emt 00:01:24]} 16. Bxf6 {[%clk 00:26:36]} {[%emt 00:00:10]} Qxf6
{[%clk 00:25:32]} {[%emt 00:00:02]} 17. Nfd2 {[%clk 00:26:25]} {[%emt
00:00:20]} d5 {[%clk 00:25:40]} {[%emt 00:00:02]} 18. Bxd5 {[%clk 00:22:47]}
{[%emt 00:03:48]} Bxd5 {[%clk 00:24:55]} {[%emt 00:00:55]} 19. exd5 {[%clk
00:22:54]} {[%emt 00:00:03]} Rad8 {[%clk 00:24:45]} {[%emt 00:00:20]} 20. b4
{[%clk 00:20:49]} {[%emt 00:02:15]} Nb7 {[%clk 00:24:53]} {[%emt 00:00:02]} 21.
c4 {[%clk 00:20:45]} {[%emt 00:00:15]} bxc4 {[%clk 00:23:26]} {[%emt 00:01:37]}
22. Nxc4 {[%clk 00:19:46]} {[%emt 00:01:09]} e4 {[%clk 00:22:28]} {[%emt
00:01:08]} 23. Nbd2 {[%clk 00:17:53]} {[%emt 00:02:02]} Qd4 {[%clk 00:20:43]}
{[%emt 00:01:55]} 24. Ne3 {[%clk 00:14:23]} {[%emt 00:03:40]} a5 {[%clk
00:20:52]} {[%emt 00:00:02]} 25. Ndc4 {[%clk 00:14:07]} {[%emt 00:00:25]} Qxd1
{[%clk 00:20:48]} {[%emt 00:00:14]} 26. Rexd1 {[%clk 00:14:16]} {[%emt
00:00:01]} axb4 {[%clk 00:20:57]} {[%emt 00:00:02]} 27. axb4 {[%clk 00:14:24]}
{[%emt 00:00:02]} g6 {[%clk 00:20:26]} {[%emt 00:00:41]} 28. Ra6 {[%clk
00:13:17]} {[%emt 00:01:17]} Kg7 {[%clk 00:19:03]} {[%emt 00:01:33]} 29. Rc6
{[%clk 00:11:44]} {[%emt 00:01:43]} Rb8 {[%clk 00:16:41]} {[%emt 00:02:33]} 30.
b5 {[%clk 00:11:15]} {[%emt 00:00:39]} Nd8 {[%clk 00:15:11]} {[%emt 00:01:40]}
31. b6 {[%clk 00:11:02]} {[%emt 00:00:21]} Nb7 {[%clk 00:14:15]} {[%emt
00:01:07]} 32. h4 {[%clk 00:08:38]} {[%emt 00:02:34]} h5 {[%clk 00:13:52]}
{[%emt 00:00:33]} 33. g3 {[%clk 00:08:45]} {[%emt 00:00:03]} Bc5 {[%clk
00:12:54]} {[%emt 00:01:08]} 34. Rc7 {[%clk 00:07:29]} {[%emt 00:01:26]} Red8
{[%clk 00:12:04]} {[%emt 00:01:00]} 35. Ne5 {[%clk 00:06:01]} {[%emt 00:01:38]}
Bxb6 {[%clk 00:11:53]} {[%emt 00:00:22]} 36. Rxf7+ {[%clk 00:06:09]} {[%emt
00:00:02]} Kg8 {[%clk 00:11:57]} {[%emt 00:00:04]} 37. N3c4 {[%clk 00:04:46]}
{[%emt 00:01:35]} Bc5 {[%clk 00:12:05]} {[%emt 00:00:02]} 38. Rf6 {[%clk
00:04:53]} {[%emt 00:00:03]} Rf8 {[%clk 00:12:15]} {[%emt 00:00:01]} 39. Nd7
{[%clk 00:04:04]} {[%emt 00:00:59]} Rxf6 {[%clk 00:11:24]} {[%emt 00:01:01]} 40.
Nxf6+ {[%clk 00:04:12]} {[%emt 00:00:01]} Kg7 {[%clk 00:11:34]} 41. Nxe4 {[%clk
00:04:20]} {[%emt 00:00:02]} Re8 {[%clk 00:11:43]} {[%emt 00:00:01]} 42. Nxc5
{[%clk 00:04:15]} {[%emt 00:00:15]} Nxc5 {[%clk 00:11:52]} {[%emt 00:00:01]} 43.
Rd2 {[%clk 00:03:44]} {[%emt 00:00:41]} Re1+ {[%clk 00:11:17]} {[%emt
00:00:45]} 44. Kg2 {[%clk 00:03:53]} Kf6 {[%clk 00:11:21]} {[%emt 00:00:06]} 45.
d6 {[%clk 00:03:14]} {[%emt 00:00:49]} Nd7 {[%clk 00:11:04]} {[%emt 00:00:28]}
46. f4 {[%clk 00:03:05]} {[%emt 00:00:18]} Re8 {[%clk 00:09:35]} {[%emt
00:01:39]} 47. Ne5 {[%clk 00:02:54]} {[%emt 00:00:21]} Rd8 {[%clk 00:09:44]}
{[%emt 00:00:01]} 48. Nxd7+ {[%clk 00:02:44]} {[%emt 00:00:19]} Rxd7 {[%clk
00:09:53]} {[%emt 00:00:01]} 49. Kf3 {[%clk 00:02:53]} {[%emt 00:00:01]} Ke6
{[%clk 00:10:02]} 50. Ke4 {[%clk 00:03:00]} {[%emt 00:00:03]} 1-0

[Event "World Cup 2023 Open"]
[Site "Baku, Azerbaijan"]
[Date "????.??.??"]
[Round "32.10"]
[White "Sanal Vahap (TUR)"]
[Black "Ivanchuk Vasyl (UKR)"]
[Result "1/2-1/2"]
[WhiteFideId "6300545"]
[BlackFideId "14100010"]
[WhiteElo "2585"]
[BlackElo "2667"]

1. e4 {[%clk 00:25:18]} {[%emt 00:00:01]} e5 {[%clk 00:25:19]} {[%emt
00:00:01]} 2. Nf3 {[%clk 00:25:26]} {[%emt 00:00:02]} Nf6 {[%clk 00:25:29]} 3.
d4 {[%clk 00:25:28]} {[%emt 00:00:08]} Nxe4 {[%clk 00:25:37]} {[%emt 00:00:02]}
4. Bd3 {[%clk 00:25:36]} {[%emt 00:00:02]} d5 {[%clk 00:25:46]} 5. Nxe5 {[%clk
00:25:41]} {[%emt 00:00:05]} Nd7 {[%clk 00:25:56]} {[%emt 00:00:01]} 6. Nc3
{[%clk 00:25:47]} {[%emt 00:00:04]} Nxe5 {[%clk 00:26:04]} {[%emt 00:00:02]} 7.
dxe5 {[%clk 00:25:55]} {[%emt 00:00:02]} Nxc3 {[%clk 00:26:13]} {[%emt
00:00:01]} 8. bxc3 {[%clk 00:26:02]} {[%emt 00:00:02]} Bc5 {[%clk 00:26:22]}
{[%emt 00:00:01]} 9. Qh5 {[%clk 00:26:06]} {[%emt 00:00:03]} g6 {[%clk
00:26:28]} {[%emt 00:00:06]} 10. Qh6 {[%clk 00:26:14]} {[%emt 00:00:01]} Bf8
{[%clk 00:26:37]} {[%emt 00:00:02]} 11. Qe3 {[%clk 00:26:22]} {[%emt 00:00:02]}
c6 {[%clk 00:26:46]} {[%emt 00:00:02]} 12. Qg3 {[%clk 00:25:21]} {[%emt
00:01:11]} Be6 {[%clk 00:26:29]} {[%emt 00:00:27]} 13. Rb1 {[%clk 00:25:21]}
{[%emt 00:00:09]} b6 {[%clk 00:26:36]} {[%emt 00:00:04]} 14. a4 {[%clk
00:25:00]} {[%emt 00:00:31]} h5 {[%clk 00:26:36]} {[%emt 00:00:10]} 15. h4
{[%clk 00:24:50]} {[%emt 00:00:20]} Be7 {[%clk 00:26:35]} {[%emt 00:00:11]} 16.
Be3 {[%clk 00:24:41]} {[%emt 00:00:18]} Qd7 {[%clk 00:26:28]} {[%emt 00:00:17]}
17. Bg5 {[%clk 00:23:33]} {[%emt 00:01:18]} Bxg5 {[%clk 00:26:06]} {[%emt
00:00:32]} 18. Qxg5 {[%clk 00:23:28]} {[%emt 00:00:15]} Qe7 {[%clk 00:26:11]}
{[%emt 00:00:06]} 19. Qf4 {[%clk 00:23:27]} {[%emt 00:00:11]} c5 {[%clk
00:24:52]} {[%emt 00:01:29]} 20. O-O {[%clk 00:22:43]} {[%emt 00:00:54]} O-O
{[%clk 00:24:30]} {[%emt 00:00:33]} 21. Qg3 {[%clk 00:22:44]} {[%emt 00:00:09]}
Kh7 {[%clk 00:24:30]} {[%emt 00:00:10]} 22. f4 {[%clk 00:21:59]} {[%emt
00:00:55]} c4 {[%clk 00:24:38]} {[%emt 00:00:03]} 23. Be2 {[%clk 00:22:00]}
{[%emt 00:00:09]} Bf5 {[%clk 00:24:36]} {[%emt 00:00:12]} 24. Rbd1 {[%clk
00:22:07]} {[%emt 00:00:03]} Rad8 {[%clk 00:24:35]} {[%emt 00:00:11]} 25. Rd4
{[%clk 00:21:44]} {[%emt 00:00:32]} f6 {[%clk 00:24:29]} {[%emt 00:00:16]} 26.
Bf3 {[%clk 00:20:57]} {[%emt 00:00:56]} fxe5 {[%clk 00:23:36]} {[%emt
00:01:03]} 27. fxe5 {[%clk 00:21:04]} {[%emt 00:00:02]} Bxc2 {[%clk 00:23:45]}
{[%emt 00:00:01]} 28. Bxd5 {[%clk 00:17:39]} {[%emt 00:03:35]} Rxf1+ {[%clk
00:23:19]} {[%emt 00:00:36]} 29. Kxf1 {[%clk 00:17:47]} {[%emt 00:00:02]} Qc5
{[%clk 00:23:28]} {[%emt 00:00:01]} 30. Qf2 {[%clk 00:16:38]} {[%emt 00:01:19]}
Rf8 {[%clk 00:22:34]} {[%emt 00:01:04]} 31. Bf3 {[%clk 00:16:46]} {[%emt
00:00:02]} Bd3+ {[%clk 00:21:23]} {[%emt 00:01:21]} 32. Kg1 {[%clk 00:16:54]}
{[%emt 00:00:02]} Qxe5 {[%clk 00:21:30]} {[%emt 00:00:04]} 33. Rd7+ {[%clk
00:16:54]} {[%emt 00:00:09]} Kh6 {[%clk 00:21:21]} {[%emt 00:00:19]} 34. Rxa7
{[%clk 00:14:57]} {[%emt 00:02:08]} Re8 {[%clk 00:21:28]} {[%emt 00:00:02]} 35.
Qd2+ {[%clk 00:14:29]} {[%emt 00:00:37]} Qe3+ {[%clk 00:21:37]} {[%emt
00:00:01]} 36. Qxe3+ {[%clk 00:14:38]} {[%emt 00:00:02]} Rxe3 {[%clk 00:21:47]}
37. Kf2 {[%clk 00:14:26]} {[%emt 00:00:21]} Re5 {[%clk 00:21:53]} {[%emt
00:00:04]} 38. Rb7 {[%emt 00:01:33]} Bc2 {[%clk 00:21:09]} 39. Bc6 {[%clk
00:13:27]} {[%emt 00:00:41]} Re6 {[%clk 00:21:16]} {[%emt 00:00:02]} 40. Rc7
{[%clk 00:12:43]} {[%emt 00:00:55]} g5 {[%clk 00:21:00]} {[%emt 00:00:27]} 41.
hxg5+ {[%clk 00:12:21]} {[%emt 00:00:32]} Kxg5 {[%clk 00:21:09]} 42. Bb5 {[%clk
00:12:04]} {[%emt 00:00:26]} Bb3 {[%clk 00:21:18]} {[%emt 00:00:01]} 43. Bxc4
{[%clk 00:08:47]} {[%emt 00:03:26]} Rf6+ {[%clk 00:21:26]} {[%emt 00:00:01]} 44.
Kg3 {[%clk 00:08:14]} {[%emt 00:00:40]} 1/2-1/2